[Event "Saratov Shestoperov Memorial"]
[Site "Saratov"]
[Date "2013.08.17"]
[Round "6"]
[White "Dmitriev, Igor"]
[Black "Abramov, Leonid"]
[Result "1-0"]
[WhiteElo "2278"]
[BlackElo "2165"]
[PlyCount "89"]
[EventDate "2013.08.12"]
[EventType "swiss"]
[EventRounds "9"]
[EventCountry "RUS"]
[SourceTitle "CBM 156 Extra"]
[Source "ChessBase"]
[SourceDate "2013.10.22"]
[SourceVersion "1"]
[SourceVersionDate "2013.10.22"]
[SourceQuality "1"]

1. Nf3 g6 2. d4 Bg7 3. c3 f5 4. Bf4 Nf6 5. e3 0-0 6. Nbd2 a5 7. Be2 b6 8. 0-0 Bb7 9. Rc1 h6 10. c4 Kh7 11. b3 Nh5 12. Be5 Nf6 13. Ne1 d6 14. Bg3 Nbd7 15. Nd3 Qe8 16. c5 bxc5 17. dxc5 Ba6 18. cxd6 cxd6 19. Nc4 Ne4 20. Nf4 Nc3 21. Rxc3 Bxc3 22. Nd5 Bb4 23. Nc7 Qc8 24. Nxa8 Qxa8 25. Bf3 Qa7 26. Qb1 Bxc4 27. bxc4 Qc5 28. Be2 e5 29. Rd1 Nb6 30. Qd3 Rc8 31. Rc1 a4 32. h4 h5 33. Rb1 Qa5 34. a3 Bc5 35. Bxe5 dxe5 36. Rxb6 Bxb6 37. Qd7+ Kg8 38. Qxc8+ Kg7 39. Qd7+ Kh6 40. Qe8 Kg7 41. Qe7+ Kh6 42. Qf8+ Kh7 43. Qf7+ Kh8 44. Qxg6 f4 45. Bd3 1-0

[Event "Saratov Shestoperov Memorial"]
[Site "Saratov"]
[Date "2012.08.31"]
[Round "7"]
[White "Dmitriev, Igor"]
[Black "Abramov, Leonid"]
[Result "1-0"]
[WhiteElo "2340"]
[BlackElo "2201"]
[PlyCount "59"]
[EventDate "2012.08.25"]
[EventType "swiss"]
[EventRounds "9"]
[EventCountry "RUS"]
[SourceTitle "CBM 150 Extra"]
[Source "ChessBase"]
[SourceDate "2012.10.19"]
[SourceVersion "1"]
[SourceVersionDate "2012.10.19"]
[SourceQuality "1"]

1. g3 e5 2. c4 f5 3. Bg2 Nf6 4. Nc3 Nc6 5. e3 Bc5 6. Nge2 e4 7. Nf4 Bd6 8. d4 Bxf4 9. gxf4 d5 10. b3 Nb4 11. 0-0 Be6 12. Ba3 Nd3 13. f3 c6 14. fxe4 dxe4 15. Qd2 h5 16. Rfd1 Ng4 17. Bf1 Ndf2 18. h3 Qh4 19. hxg4 hxg4 20. Bg2 g3 21. Kf1 Bf7 22. Ne2 Nxd1 23. Rxd1 Bh5 24. Qa5 b5 25. Qc7 Rh6 26. Nxg3 Bf3 27. Bxf3 exf3 28. Kf2 Rg6 29. Rg1 Rd8 30. Kxf3 1-0

[Event "Saratov Shestoperov Memorial"]
[Site "Saratov"]
[Date "2012.08.30"]
[Round "6"]
[White "Zabuga, Pavel"]
[Black "Abramov, Leonid"]
[Result "0-1"]
[WhiteElo "1874"]
[BlackElo "2201"]
[PlyCount "38"]
[EventDate "2012.08.25"]
[EventType "swiss"]
[EventRounds "9"]
[EventCountry "RUS"]
[SourceTitle "CBM 150 Extra"]
[Source "ChessBase"]
[SourceDate "2012.10.19"]
[SourceVersion "1"]
[SourceVersionDate "2012.10.19"]
[SourceQuality "1"]

1. d4 Nf6 2. c4 e6 3. g3 c5 4. e3 d5 5. Bg2 dxc4 6. Qa4+ Bd7 7. Qxc4 Bc6 8. Bxc6+ Nxc6 9. dxc5 Nd7 10. Nf3 Bxc5 11. 0-0 0-0 12. a3 Rc8 13. Nbd2 Bb6 14. Qe2 Nce5 15. b4 Qf6 16. Rb1 Rc2 17. Bb2 Qf5 18. Nxe5 Nxe5 19. Rfc1 Rxd2 0-1

[Event "Saratov Shestoperov Memorial"]
[Site "Saratov"]
[Date "2012.08.25"]
[Round "3"]
[White "Abramov, Leonid"]
[Black "Karpenko, Artem"]
[Result "1-0"]
[WhiteElo "2201"]
[BlackElo "1958"]
[PlyCount "67"]
[EventDate "2012.08.25"]
[EventType "swiss"]
[EventRounds "9"]
[EventCountry "RUS"]
[SourceTitle "CBM 150 Extra"]
[Source "ChessBase"]
[SourceDate "2012.10.19"]
[SourceVersion "1"]
[SourceVersionDate "2012.10.19"]
[SourceQuality "1"]

1. e4 e6 2. d4 d5 3. Nc3 Nf6 4. Bg5 Bb4 5. exd5 Qxd5 6. Bxf6 gxf6 7. Qd2 Bxc3 8. Qxc3 Nc6 9. Nf3 Rg8 10. Bc4 Qe4+ 11. Kf1 Qg6 12. g3 Bd7 13. d5 exd5 14. Re1+ Kf8 15. Bxd5 Re8 16. Rxe8+ Bxe8 17. Nh4 Qg5 18. Qb3 Rg7 19. f4 Qh5 20. Kf2 Rg8 21. Re1 Kg7 22. c4 b6 23. Qc3 Bd7 24. b4 a5 25. a3 axb4 26. axb4 Nd8 27. Re7 Be6 28. Bf3 Qh6 29. Rxc7 Bh3 30. Re7 Kf8 31. Ra7 Ne6 32. Qe3 Qg7 33. Qxb6 Ke8 34. Bc6+ 1-0

[Event "Saratov op 12"]
[Site "Saratov"]
[Date "2011.12.25"]
[Round "9"]
[White "Abramov, Leonid"]
[Black "Fedukin, Alexandre"]
[Result "1/2-1/2"]
[WhiteElo "2215"]
[BlackElo "1864"]
[PlyCount "60"]
[EventDate "2011.12.17"]
[EventType "swiss"]
[EventRounds "9"]
[EventCountry "RUS"]
[SourceTitle "CBM 146 Extra"]
[Source "ChessBase"]
[SourceDate "2012.02.29"]
[SourceVersion "1"]
[SourceVersionDate "2012.02.29"]
[SourceQuality "1"]

1. d4 e6 2. g3 Nf6 3. Bg2 d5 4. Nf3 Be7 5. 0-0 0-0 6. b3 b6 7. Ne5 Nfd7 8. Nxd7 Nxd7 9. e4 dxe4 10. Bxe4 Rb8 11. Bb2 Nf6 12. Bg2 Bb7 13. Bxb7 Rxb7 14. Qf3 Qd5 15. Qxd5 exd5 16. Nd2 c6 17. Rfe1 Bb4 18. c3 Bd6 19. Re2 Re8 20. Rxe8+ Nxe8 21. Re1 Kf8 22. Kg2 Re7 23. Rxe7 Kxe7 24. f4 Nf6 25. Kf3 h5 26. h3 g6 27. g4 Ke6 28. c4 a6 29. a3 hxg4+ 30. hxg4 Ne8 1/2-1/2

[Event "Saratov op 12"]
[Site "Saratov"]
[Date "2011.12.17"]
[Round "1"]
[White "Abramov, Leonid"]
[Black "Chekmareva, Liya"]
[Result "1-0"]
[WhiteElo "2215"]
[BlackElo "1777"]
[PlyCount "79"]
[EventDate "2011.12.17"]
[EventType "swiss"]
[EventRounds "9"]
[EventCountry "RUS"]
[SourceTitle "CBM 146 Extra"]
[Source "ChessBase"]
[SourceDate "2012.02.29"]
[SourceVersion "1"]
[SourceVersionDate "2012.02.29"]
[SourceQuality "1"]

1. b3 g6 2. Bb2 Nf6 3. e4 d6 4. f4 Bg7 5. Nf3 0-0 6. Qe2 c5 7. g3 Nc6 8. Bg2 Bg4 9. c3 Nd7 10. h3 Bxf3 11. Qxf3 e6 12. Na3 Qe7 13. 0-0-0 a5 14. h4 a4 15. h5 axb3 16. axb3 Na5 17. g4 Nxb3+ 18. Kc2 Na5 19. hxg6 fxg6 20. f5 g5 21. Rh5 h6 22. Rdh1 Ne5 23. Qh3 Rf7 24. Bf1 c4 25. Nb5 exf5 26. exf5 Qd7 27. Nd4 Nb3 28. Nxb3 cxb3+ 29. Kc1 Rf6 30. d4 Nf7 31. Qd3 d5 32. Qb5 Qxb5 33. Bxb5 Nd6 34. Bd7 Rd8 35. Be6+ Kf8 36. Ba3 Ke8 37. Bxd5 Rc8 38. Re1+ Kd8 39. Rh3 Rc7 40. Rhe3 1-0

[Event "Saratov op 08"]
[Site "Saratov"]
[Date "2011.08.19"]
[Round "5"]
[White "Kovaliov, Nikolay"]
[Black "Abramov, Leonid"]
[Result "1-0"]
[WhiteElo "2108"]
[BlackElo "2223"]
[PlyCount "27"]
[EventDate "2011.08.15"]
[EventType "swiss"]
[EventRounds "9"]
[EventCountry "RUS"]
[SourceTitle "EXT 2013"]
[Source "ChessBase"]
[SourceDate "2012.11.22"]
[SourceVersion "1"]
[SourceVersionDate "2012.11.22"]
[SourceQuality "1"]

1. e4 d5 2. exd5 Qxd5 3. Nc3 Qa5 4. Nf3 Nf6 5. d4 Bg4 6. h3 Bh5 7. g4 Bg6 8. Ne5 e6 9. h4 Bb4 10. Bd2 Be4 11. Nc4 Qa6 12. Nxe4 Nxe4 13. Bxb4 Qc6 14. Rh3 1-0

[Event "Saratov op 08"]
[Site "Saratov"]
[Date "2011.08.18"]
[Round "4"]
[White "Popov, Roman2222"]
[Black "Abramov, Leonid"]
[Result "1-0"]
[WhiteElo "2335"]
[BlackElo "2223"]
[PlyCount "39"]
[EventDate "2011.08.15"]
[EventType "swiss"]
[EventRounds "9"]
[EventCountry "RUS"]
[SourceTitle "EXT 2013"]
[Source "ChessBase"]
[SourceDate "2012.11.22"]
[SourceVersion "1"]
[SourceVersionDate "2012.11.22"]
[SourceQuality "1"]

1. d4 e6 2. c4 Bb4+ 3. Bd2 Bxd2+ 4. Nxd2 d5 5. Ngf3 Nf6 6. g3 0-0 7. Bg2 b6 8. 0-0 Nbd7 9. cxd5 exd5 10. Qa4 Re8 11. e3 Bb7 12. Rac1 Ne4 13. Rfd1 a6 14. Nxe4 dxe4 15. Ne5 Nf6 16. Qc2 Rc8 17. Bh3 Rb8 18. Qxc7 Qd5 19. b3 Rbd8 20. Qxb6 1-0

[Event "Saratov op 08"]
[Site "Saratov"]
[Date "2011.08.17"]
[Round "3"]
[White "Abramov, Leonid"]
[Black "Astapov, Valeriy"]
[Result "1-0"]
[WhiteElo "2223"]
[BlackElo "2032"]
[PlyCount "37"]
[EventDate "2011.08.15"]
[EventType "swiss"]
[EventRounds "9"]
[EventCountry "RUS"]
[SourceTitle "EXT 2013"]
[Source "ChessBase"]
[SourceDate "2012.11.22"]
[SourceVersion "1"]
[SourceVersionDate "2012.11.22"]
[SourceQuality "1"]

1. e4 c6 2. c4 d5 3. exd5 cxd5 4. cxd5 Nf6 5. Bb5+ Nbd7 6. Nc3 a6 7. Qa4 g6 8. Be2 Bg7 9. Bf3 0-0 10. d4 Nb6 11. Qb3 Bg4 12. Bxg4 Nxg4 13. Nge2 Nf6 14. 0-0 Ra7 15. Nf4 Qd6 16. Re1 Na8 17. Nd3 b6 18. Bf4 Qd8 19. Nb4 1-0

[Event "Saratov op"]
[Site "Saratov"]
[Date "2010.06.07"]
[Round "7"]
[White "Biryukov, Dmitriy"]
[Black "Abramov, Leonid"]
[Result "1-0"]
[WhiteElo "2379"]
[BlackElo "2200"]
[PlyCount "81"]
[EventDate "2010.06.01"]
[EventType "swiss"]
[EventRounds "9"]
[EventCountry "RUS"]
[SourceTitle "CBM 137 Extra"]
[Source "ChessBase"]
[SourceDate "2010.09.01"]
[SourceVersion "1"]
[SourceVersionDate "2010.09.01"]
[SourceQuality "1"]

1. e4 e6 2. d4 d5 3. Nd2 dxe4 4. Nxe4 Nd7 5. Nf3 Ndf6 6. Nxf6+ Nxf6 7. c3 Be7 8. Bg5 0-0 9. Bd3 b6 10. Qe2 Bb7 11. 0-0 h6 12. Bh4 Nh5 13. Bxe7 Qxe7 14. Qe3 Rac8 15. Be4 Bxe4 16. Qxe4 c5 17. Rad1 Nf6 18. Qh4 Qb7 19. Rfe1 Rfd8 20. Ne5 cxd4 21. Rxd4 Rxd4 22. Qxd4 Qd5 23. Qxd5 Nxd5 24. Re4 g5 25. g3 Kg7 26. Rd4 Rc7 27. Kf1 Kf6 28. Nf3 Kf5 29. h3 h5 30. Ke2 Nf6 31. h4 e5 32. Rd8 gxh4 33. Nxh4+ Ke6 34. Nf3 Kf5 35. Rh8 Re7 36. Ra8 Kg4 37. Nd2 h4 38. gxh4 Kxh4 39. Nc4 Kg4 40. Rf8 Ne8 41. Rxf7 1-0

[Event "Saratov op"]
[Site "Saratov"]
[Date "2010.06.03"]
[Round "3"]
[White "Abramov, Leonid"]
[Black "Popov, Roman"]
[Result "1-0"]
[WhiteElo "2200"]
[BlackElo "2362"]
[PlyCount "155"]
[EventDate "2010.06.01"]
[EventType "swiss"]
[EventRounds "9"]
[EventCountry "RUS"]
[SourceTitle "CBM 137 Extra"]
[Source "ChessBase"]
[SourceDate "2010.09.01"]
[SourceVersion "1"]
[SourceVersionDate "2010.09.01"]
[SourceQuality "1"]

1. e4 e6 2. d4 d5 3. Nc3 Bb4 4. Bd2 dxe4 5. Qg4 Nf6 6. Qxg7 Rg8 7. Qh6 Rg6 8. Qh4 Rg4 9. Qh6 Qxd4 10. 0-0-0 Bf8 11. Qh3 Qe5 12. f3 exf3 13. Nxf3 Qh5 14. Qxh5 Nxh5 15. Ne5 Rg8 16. Nb5 Na6 17. Be2 Nf6 18. Bf3 c6 19. Nd4 Nc5 20. Rhe1 Ncd7 21. Nc4 Nd5 22. Bh5 N7f6 23. Bf3 Ng4 24. Re2 Bh6 25. Nd6+ Kf8 26. Bxh6+ Nxh6 27. Rf1 Nf4 28. Re4 Ng6 29. g4 Nh4 30. Be2 Kg7 31. g5 N6f5 32. Nxf7 Rf8 33. Ne5 c5 34. Nb5 a6 35. Nc7 Ra7 36. Bc4 b5 37. Nxe6+ Bxe6 38. Bxe6 Re7 39. Nd7 Rc8 40. Rxf5 Nxf5 41. Bxf5 Rxe4 42. Bxe4 Re8 43. Nf6 Re5 44. h4 h6 45. Bb7 hxg5 46. hxg5 Rxg5 47. Ne4 Re5 48. Kd2 Kf8 49. Kd3 a5 50. Bc6 b4 51. Kc4 Ke7 52. Bd5 Rh5 53. Kxc5 a4 54. Kc4 Rh2 55. Kxb4 Rxc2 56. Ka3 Kd7 57. Nc3 Rd2 58. Bc4 Kc6 59. Nxa4 Rh2 60. Kb4 Rf2 61. a3 Rh2 62. b3 Rh8 63. Nc3 Rh4 64. a4 Kb6 65. a5+ Kc6 66. Nd5 Rh1 67. Ne7+ Kd6 68. Nf5+ Ke5 69. Ne3 Kd6 70. Kb5 Kc7 71. Kc5 Rh5+ 72. Bd5 Kb8 73. b4 Ka7 74. b5 Rh8 75. Nc2 Rh3 76. Nb4 Rc3+ 77. Bc4 Rc1 78. b6+ 1-0

[Event "Saratov op"]
[Site "Saratov"]
[Date "2010.06.01"]
[Round "1"]
[White "Abramov, Leonid"]
[Black "Chekmareva, Liya"]
[Result "1-0"]
[WhiteElo "2200"]
[BlackElo "1729"]
[PlyCount "91"]
[EventDate "2010.06.01"]
[EventType "swiss"]
[EventRounds "9"]
[EventCountry "RUS"]
[SourceTitle "CBM 137 Extra"]
[Source "ChessBase"]
[SourceDate "2010.09.01"]
[SourceVersion "1"]
[SourceVersionDate "2010.09.01"]
[SourceQuality "1"]

1. e4 c5 2. Nf3 d6 3. c3 Nf6 4. Bd3 Nc6 5. Bc2 g6 6. d4 cxd4 7. cxd4 Bg7 8. d5 Ne5 9. Nxe5 dxe5 10. Nc3 0-0 11. Bb3 b6 12. Qe2 Bb7 13. 0-0 Rc8 14. a4 Nd7 15. Bg5 Nc5 16. Bc4 Re8 17. Rfd1 h6 18. Bh4 g5 19. Bg3 Ba8 20. Nb5 a6 21. Nc3 Bb7 22. h4 Bf6 23. Ra3 gxh4 24. Qg4+ Kh8 25. Bxh4 Rg8 26. Bxf6+ exf6 27. Qh4 Rg6 28. Be2 Qg8 29. Kf1 Qg7 30. g3 Rf8 31. Rd2 Bc8 32. b4 Nd7 33. Nd1 Rg8 34. Rc3 Rd8 35. Rc7 Qf8 36. Rdc2 Qg8 37. Ne3 Kh7 38. Bg4 Kh8 39. Bf5 Kh7 40. Ng4 Qf8 41. Kg2 a5 42. bxa5 bxa5 43. R2c6 Kg8 44. Bxg6 fxg6 45. Nxf6+ Nxf6 46. Rxf6 1-0

[Event "Saratov-ch"]
[Site "Saratov"]
[Date "2010.03.03"]
[Round "7"]
[White "Abramov, Leonid"]
[Black "Petukhov, Dmitry"]
[Result "1/2-1/2"]
[WhiteElo "2203"]
[BlackElo "2287"]
[PlyCount "84"]
[EventDate "2010.02.24"]
[EventType "swiss"]
[EventRounds "9"]
[EventCountry "RUS"]
[SourceTitle "EXT 2012"]
[Source "ChessBase"]
[SourceDate "2011.11.24"]
[SourceVersion "1"]
[SourceVersionDate "2011.11.24"]
[SourceQuality "1"]

1. d4 Nf6 2. c4 g6 3. Nc3 d5 4. Nf3 Bg7 5. Qb3 dxc4 6. Qxc4 0-0 7. e4 a6 8. Bf4 b5 9. Qxc7 Qxc7 10. Bxc7 Bb7 11. e5 Nd5 12. Ba5 f6 13. Nxd5 Bxd5 14. exf6 Bxf6 15. Ne5 Bh4 16. Nf3 Bxf3 17. gxf3 Nc6 18. Bc3 Rxf3 19. Bg2 Rxf2 20. Bd5+ Kf8 21. Rf1 Rxf1+ 22. Kxf1 Rc8 23. Be6 Rc7 24. d5 Nd8 25. Bh3 Rc4 26. Kg1 Rf4 27. Bc8 Bf6 28. Bxa6 b4 29. Bxf6 exf6 30. Rd1 Nf7 31. d6 Ke8 32. a4 bxa3 33. bxa3 Kd8 34. Bb5 Rf5 35. a4 Rc5 36. Rd4 Ne5 37. Kg2 g5 38. d7 Rc2+ 39. Kf1 Rc1+ 40. Kg2 Rc2+ 41. Kf1 Rc1+ 42. Kg2 Rc2+ 1/2-1/2

[Event "Saratov RSOCF Cup"]
[Site "Saratov"]
[Date "2010.01.25"]
[Round "7"]
[White "Iljushin, Alexei"]
[Black "Abramov, Leonid"]
[Result "1-0"]
[WhiteElo "2551"]
[BlackElo "2203"]
[PlyCount "89"]
[EventDate "2010.01.19"]
[EventType "swiss"]
[EventRounds "9"]
[EventCountry "RUS"]
[SourceTitle "CBM 134 Extra"]
[Source "ChessBase"]
[SourceDate "2010.03.03"]
[SourceVersion "1"]
[SourceVersionDate "2010.03.03"]
[SourceQuality "1"]

1. d4 d5 2. c4 e6 3. Nf3 Nf6 4. g3 dxc4 5. Bg2 a6 6. 0-0 Nbd7 7. a4 Bb4 8. Qc2 0-0 9. Qxc4 a5 10. Bd2 Nb6 11. Qc2 Nbd5 12. Rc1 c6 13. Nc3 Nb6 14. e4 h6 15. Bf4 Nh5 16. Be3 Nf6 17. Na2 Be7 18. h3 Nbd7 19. Rd1 Ra6 20. Nc3 Bb4 21. g4 g5 22. Ne2 b5 23. Ng3 Bb7 24. Bf1 Ra8 25. axb5 cxb5 26. Bxb5 Rb8 27. Bd3 Kh8 28. Nh2 Ng8 29. Qe2 Ndf6 30. Bb1 Rc8 31. f4 gxf4 32. Bxf4 Qb6 33. Be5 Bd6 34. Bxd6 Qxd6 35. Ra3 Qf4 36. Qf2 Qg5 37. Nf3 Qb5 38. Ne5 Rcd8 39. Rf3 Qxe5 40. dxe5 Rxd1+ 41. Kh2 Rxb1 42. exf6 Rd8 43. Qb6 Rd7 44. Rf2 a4 45. Qb4 1-0

[Event "Saratov op"]
[Site "Saratov"]
[Date "2009.06.08"]
[Round "8"]
[White "Abramov, Leonid"]
[Black "Rjanova, Valery"]
[Result "1/2-1/2"]
[WhiteElo "2216"]
[BlackElo "2073"]
[PlyCount "89"]
[EventDate "2009.06.01"]
[EventType "swiss"]
[EventRounds "9"]
[EventCountry "RUS"]
[SourceTitle "CBM 130 Extra"]
[Source "ChessBase"]
[SourceDate "2009.07.02"]
[SourceVersion "2"]
[SourceVersionDate "2009.07.15"]
[SourceQuality "1"]

1. e4 c5 2. c3 g6 3. Nf3 Bg7 4. Bc4 Nc6 5. 0-0 d6 6. d4 cxd4 7. cxd4 Nf6 8. Nc3 Bg4 9. Be3 0-0 10. h3 Bxf3 11. Qxf3 Rc8 12. Qe2 a6 13. a4 Qa5 14. Ra3 Nxe4 15. Nxe4 d5 16. Nc5 dxc4 17. Qxc4 Nxd4 18. Bxd4 Bxd4 19. Qxd4 Qxc5 20. Qe4 b5 21. axb5 axb5 22. Rc3 Qd6 23. Rd3 Qf6 24. Qb4 Rc2 25. Qxb5 Rxb2 26. Qd5 Rb6 27. Rf3 Qd6 28. Qa2 e5 29. Re1 Qd4 30. Qa7 Rb1 31. Qa5 Rxe1+ 32. Qxe1 e4 33. Rb3 f5 34. Qb1 Rd8 35. Rb8 Kg7 36. Rxd8 Qxd8 37. Qb7+ Kh6 38. Qf7 Qd6 39. Qe8 Qb4 40. g3 Qd6 41. Kg2 Qf6 42. Kg1 Qc3 43. Qf8+ Kh5 44. Qe7 Kh6 45. Qh4+ 1/2-1/2

[Event "Saratov op"]
[Site "Saratov"]
[Date "2009.06.03"]
[Round "3"]
[White "Muslimov, Evgeny"]
[Black "Abramov, Leonid"]
[Result "0-1"]
[WhiteElo "2069"]
[BlackElo "2216"]
[PlyCount "62"]
[EventDate "2009.06.01"]
[EventType "swiss"]
[EventRounds "9"]
[EventCountry "RUS"]
[SourceTitle "CBM 130 Extra"]
[Source "ChessBase"]
[SourceDate "2009.07.02"]
[SourceVersion "2"]
[SourceVersionDate "2009.07.15"]
[SourceQuality "1"]

1. e4 e5 2. Nf3 c6 3. Nxe5 Nf6 4. Nc3 Bb4 5. Nd3 Bxc3 6. dxc3 Nxe4 7. Be3 0-0 8. Qf3 d5 9. 0-0-0 Nd7 10. Kb1 f6 11. Qh5 f5 12. f3 Ndf6 13. Qh4 Nd6 14. Bd4 b6 15. Nf4 Bd7 16. Qg3 Qe7 17. h4 Rae8 18. h5 Nf7 19. c4 Ne5 20. Re1 Qd6 21. Rxe5 Rxe5 22. Nd3 Re6 23. Be5 Qe7 24. cxd5 cxd5 25. Bc3 Re8 26. b3 Rc8 27. Kb2 Rec6 28. Bb4 Rxc2+ 29. Ka3 Qe6 30. h6 g6 31. Nf4 Qe5 0-1

[Event "Saratov Rating 05-B"]
[Site "Saratov"]
[Date "2008.05.18"]
[Round "6"]
[White "Abramov, Leonid"]
[Black "Lavretzkij, Roman"]
[Result "0-1"]
[WhiteElo "2349"]
[BlackElo "2332"]
[PlyCount "90"]
[EventDate "2008.05.13"]
[EventType "tourn"]
[EventRounds "9"]
[EventCountry "RUS"]
[EventCategory "4"]
[SourceTitle "EXT 2022"]
[Source "ChessBase"]
[SourceDate "2021.10.06"]
[SourceVersion "1"]
[SourceVersionDate "2021.10.06"]
[SourceQuality "1"]

1. c4 e5 2. Nc3 d6 3. g3 f5 4. Bg2 Nf6 5. d3 Nc6 6. Nf3 g6 7. Rb1 a5 8. a3 Bg7 9. 0-0 0-0 10. b4 axb4 11. axb4 h6 12. b5 Ne7 13. e4 g5 14. exf5 Bxf5 15. Re1 Ng6 16. Rb3 Qc8 17. d4 Nd7 18. Nd5 c6 19. Ne3 Be6 20. bxc6 bxc6 21. d5 Bf7 22. dxc6 Nc5 23. Rb7 e4 24. Nd2 Qxc6 25. Rb1 Ne5 26. Nf5 Qd7 27. Nxg7 Bg6 28. Nh5 Qf7 29. g4 Qxf2+ 30. Kh1 Nxg4 31. Ng3 Nd3 32. Ndxe4 Qxe1+ 33. Qxe1 Nxe1 34. Rb7 Nd3 35. h3 Ra1 36. hxg4 Rxc1+ 37. Kh2 Nf4 38. Bf3 Rc2+ 39. Kh1 Rc1+ 40. Kh2 Rc2+ 41. Kh1 Nd3 42. Bg2 Bxe4 43. Nxe4 Nf2+ 44. Kg1 Nxe4 45. Bxe4 Rd2 0-1

[Event "Saratov Rating 05-B"]
[Site "Saratov"]
[Date "2008.05.13"]
[Round "1"]
[White "Abramov, Leonid"]
[Black "Iljushina, Olga"]
[Result "1/2-1/2"]
[WhiteElo "2349"]
[BlackElo "2255"]
[PlyCount "20"]
[EventDate "2008.05.13"]
[EventType "tourn"]
[EventRounds "9"]
[EventCountry "RUS"]
[EventCategory "4"]
[SourceTitle "EXT 2022"]
[Source "ChessBase"]
[SourceDate "2021.10.06"]
[SourceVersion "1"]
[SourceVersionDate "2021.10.06"]
[SourceQuality "1"]

1. d4 Nf6 2. c4 e6 3. Nf3 b6 4. g3 Ba6 5. b3 Bb4+ 6. Bd2 Be7 7. e3 0-0 8. Bg2 c6 9. 0-0 d5 10. Qc2 Nbd7 1/2-1/2